000 00449nam a2200157Ia 4500
008 240126s9999 xx 000 0 und d
022 _a0976-6804
041 _aEnglish
082 _aLIBRARY-XVI
245 0 _aInternational Journal of Real-Time Systems (IJRTS) (2011 -
260 _bInteranational Science Press
_aHaryana
440 _aNULL
650 _aComputer Science
650 _aReal-Time,(IJRTS),(2011,-,Computer Science
942 _cJN
999 _c273896
_d273896